000 00375nam a2200145Ia 4500
008 230711s9999||||xx |||||||||||||| ||und||
041 _aENG
082 _a620
_bKH-M
100 _akhanna,A.S
245 0 _aMetallic Corrosion: Principles and Control
250 _a1st Ed.
260 _c1994
_aNew Delhi
_bWiley Eastern Limited
650 _aMechanical Engineering
942 _cBK
999 _c2727
_d2727